000 01131nam a22002537a 4500
005 20110125140113.0
008 110125t xxu||||| |||| 00| 0 mar d
010 _aMAR-20505
020 _a9788177866056
_c100.00
035 _aMR-13163
037 _bDBAD / PUB
040 _aDPL
_bMR
082 _a158.1
100 _aहे,लुईस एल
_925582
245 _aहील युवर बॉडी /
_cलुईस एल हे : अरूण मांडे द्वारा अनुवादित
246 _aHeal Your Body
_bbyLouise L Hay
260 _aसाकेत प्रकाशन
_bऔरंगाबाद
_c2010
270 _a115,म.गॉंधीनगर,स्टेशन रोड
_bऔरंगाबाद
_e431005
300 _a89पृ
_c21सेमी (अजिल्द)
700 _925583
_aमांडे,अरूण
700 _925587
942 _2ddc
_cMR
_h158.1
_mहेलुई
999 _c50103
_d50103